| 000 | 00459cam a2200169 a 4500 | ||
|---|---|---|---|
| 020 | _a0072322527 | ||
| 040 | _cDLC | ||
| 082 | 0 | 0 | _a320 MCG 2001 A020 Or. |
| 100 | 1 | _aShively, W. Phillips, | |
| 245 | 1 | 0 |
_aPower & choice : _ban introduction to political science / |
| 246 | 3 | _aPower and choice | |
| 250 | _a7th ed. | ||
| 260 |
_aBoston : _bMcGraw-Hill, _cc2001. |
||
| 300 |
_ax, 422 p. : _bill., maps ; _c24 cm. |
||
| 650 | 0 | _aPolitical science. | |
| 942 | _cEK | ||
| 999 |
_c12436 _d12436 |
||